|
|
|
|
| LEADER |
01244nam a2200325 a 4500 |
| 001 |
325 |
| 003 |
BD-DhAAL |
| 005 |
20150428103431.0 |
| 008 |
150428s1994 cau b 000 0 eng |
| 010 |
|
|
|a 93033941
|
| 020 |
|
|
|a 1558153063
|
| 040 |
|
|
|a DLC
|c DLC
|d DLC
|d BD-DhAAL
|
| 050 |
0 |
0 |
|a HG3881
|b .C582 1994
|
| 082 |
0 |
0 |
|a 332.4/566
|2 20
|
| 100 |
1 |
|
|a Coats, Warren L.
|9 10815
|
| 245 |
1 |
0 |
|a In search of a monetary anchor :
|b a 'new' monetary standard /
|c Warren Coats.
|
| 260 |
|
|
|a San Francisco, Calif. :
|b ICS Press,
|c c1994.
|
| 300 |
|
|
|a 34 p. ;
|c 23 cm.
|
| 490 |
1 |
|
|a Occasional papers ;
|v 48
|
| 500 |
|
|
|a "An International Center for Economic Growth publication."
|
| 504 |
|
|
|a Includes bibliographical references (p. 32-34).
|
| 541 |
|
|
|e 325
|
| 650 |
|
0 |
|a International finance.
|9 10801
|
| 650 |
|
0 |
|a Monetary policy.
|9 10816
|
| 653 |
0 |
|
|a Commodity basket standard.
|
| 710 |
2 |
|
|a International Center for Economic Growth.
|9 7854
|
| 830 |
|
0 |
|a Occasional papers (International Center for Economic Growth) ;
|v 48.
|9 8237
|
| 942 |
|
|
|2 ddc
|c BK
|
| 999 |
|
|
|c 34337
|d 34337
|
| 952 |
|
|
|0 0
|1 0
|2 ddc
|4 0
|6 332_456600000000000_COA
|7 0
|9 53603
|a SCL
|b SCL
|c GEN
|d 2015-04-28
|e Gift: The Asia Foundation
|l 0
|o 332.4566 COA
|p 3020000325
|r 2015-04-28
|t 1
|w 2015-04-28
|y BK
|